Breve relacion del Nuevo Reino de Galicia y provincia de la Nueva Vizcaya (notice nᵒ 5780)
[ vue normale ]
| 000 -Sello discográfico | |
|---|---|
| campo de control de longitud fija | 01017nam0a2200289 4500 |
| 005 - Identificación de versión | |
| campo de control | 20251016084522.0 |
| 035 ## - Otros números de control del sistema | |
| Número de control del sistema | 5815 |
| 099 ## - fechas locales | |
| Tipo de ítem Koha | LIBRO |
| 100 ## - Datos de procesamiento general | |
| Datos de procesamiento general | 20120706d1996 m y0spay5003 ba |
| 105 ## - Campo de datos codificados: Material textual, monográfico | |
| Datos codificados de monografía | a 001zy |
| 200 1# - Título y mención de responsabilidad | |
| Título propio | Breve relacion del Nuevo Reino de Galicia y provincia de la Nueva Vizcaya |
| Designación general del material | texto impreso |
| Primer mención de responsabilidad | Alonso de la Mota y Escobar |
| Declaración de responsabilidad subsiguiente | edición Pedro Franco López |
| 205 ## - Declaración de edición | |
| Declaración de edición | 1a ed |
| 210 ## - Publicación, distribución, etc. | |
| Lugar de publicación, distribución, etc. | Zapopan, Jalisco |
| Nombre del editor, distribuidor, etc. | El Colegio de Jalisco |
| Fecha de publicación, distribución, etc. | 1996 |
| 215 ## - Descripción física | |
| Designación de material específico y extensión del ítem | 95 p |
| Otras características físicas | il. |
| Dimensiones | 21 cm |
| 320 ## - Nota de índices/bibliografías internas | |
| Texto de la nota | Incluye bibliografía: p.79-86 e índice onomástico y geográfico |
| 345 ## - Nota de información de adquisición | |
| Fuente de adquisición/dirección de la suscripción [OBSOLETO] | Donación |
| 410 #1 - Series | |
| Título | Descripciones Jaliscienses |
| Número de volumen | 15 |
| 607 ## - Nombre geográfico utilizado como tema | |
| Elemento de entrada | Jalisco (México) |
| Subdivisión temática | Relaciones geográficas |
| Número Koha | 11082 |
| 700 ## - Nombre personal - Responsabilidad primaria | |
| Elemento de entrada | Mota y Escobar |
| Parte del nombre distinta del elemento de entrada | Alonso de la |
| Fechas | 1546-1625 |
| Número Koha | 6433 |
| 702 ## - Nombre personal - Responsabilidad secundaria | |
| Elemento de entrada | Franco López |
| Parte del nombre distinta del elemento de entrada | Pedro |
| Número Koha | 11083 |
| 801 #0 - Fuente de origen | |
| País | FR |
| Agencia | cm |
| Reglas de catalogación (convenciones descriptivas) | AFNOR |
| 900 ## - | |
| -- | 1/21295 |
| 942 ## - ELEMENTOS DE ENTRADA SECUNDARIOS (KOHA) | |
| Tipo de ítem Koha | Livre |
| 996 ## - | |
| -- | MEX |
| -- | 751145101 |
| -- | MMAG |
| -- | 003040 |
| -- | 972.35 F825B |
| -- | 20120706LIV |
| Estatus retirado | Estado de daño | Estado de pérdida | Fecha de adquisición | Biblioteca de origen | Biblioteca actual | Ubicación en estantería | Código de barras | Precio de reemplazo | Signatura topográfica completa | No para préstamo | Tipo de ítem Koha | Nota pública | Nota no pública |
|---|---|---|---|---|---|---|---|---|---|---|---|---|---|
| 05/08/2025 | Casa México Paris | Casa México Paris | 003040 | 05/08/2025 | 972.35 F825B | Livre | 20120706LIV | 751145101 |